LEADER 01456nam0 22003133i 450 001 SUN0117195 005 20180723124629.303 010 $a978-88-348-5882-0$d0.00 100 $a20180723d2014 |0itac50 ba 101 $aita 102 $aIT 105 $a|||| ||||| 200 1 $aIl *principio di prudenza$eprofili teorici, orientamento della prassi ed evidenze empiriche$fClelia Fiondella 210 $aTorino$cGiappichelli $d2014 215 $aVIII, 115 p.$d24 cm. 410 1$1001SUN0109837$12001 $a*Economia aziendale. Sezione Ricerche$v20$1210 $aTorino$cGiappichelli. 606 $aAccounting$2EC$3SUNC034324 620 $dTorino$3SUNL000001 676 $a657.01$v21 700 1$aFiondella$b, Clelia$3SUNV090380$0611368 712 $aGiappichelli$3SUNV000045$4650 801 $aIT$bSOL$c20181109$gRICA 912 $aSUN0117195 950 $aUFFICIO DI BIBLIOTECA DEL DIPARTIMENTO DI ECONOMIA$d03 PREST IIBh47bis $e03 BDE1754 950 $aUFFICIO DI BIBLIOTECA DEL DIPARTIMENTO DI ECONOMIA$d03 CONS IIBh47 $e03 BDE1753 995 $aUFFICIO DI BIBLIOTECA DEL DIPARTIMENTO DI ECONOMIA$bIT-CE0106$gBDE$h1754$kPREST IIBh47bis$op$qa 995 $aUFFICIO DI BIBLIOTECA DEL DIPARTIMENTO DI ECONOMIA$bIT-CE0106$gBDE$h1753$kCONS IIBh47$oc$qa 996 $aPrincipio di prudenza$91524131 997 $aUNICAMPANIA LEADER 02814nam2 22004813i 450 001 RMS2744862 005 20251003044347.0 010 $a8806040790 010 $a8806407902 020 $aIT$b757056 100 $a20180615d1974 ||||0itac50 ba 101 | $aita 102 $ait 181 1$6z01$ai $bxxxe 182 1$6z01$an 183 1$6z01$anc$2RDAcarrier 200 1 $aˆ2: ‰Dalla caduta dell'Impero romano al secolo 18 210 $aTorino$cGiulio Einaudi editore$d1974 215 $a2 v.$cill.$d22 cm 300 $aIn custodia 462 1$1001RMS2744853$12001 $aStoria d'Italia$f[coordinatori dell'opera Ruggiero Romano e Corrado Vivanti]$v2$1702 1$aVivanti$b, Corrado$3CFIV008947$4340$1702 1$aRomano$b, Ruggiero$3CFIV093820$4340 463 1$1001BVE0662013$12000 $a1$v1 463 1$1001RMS0120088$12000 $a2.1$f[coordinatori dell'opera Ruggiero Romano e Corrado Vivanti]$v2.1 463 1$1001RMS0120091$12000 $a2.2$f[coordinatori dell'opera Ruggiero Romano e Corrado Vivanti]$v2.2 517 1 $aDalla caduta dell'Impero romano al secolo diciottesimo. -$9UFI0051993 606 $aItalia$xStoria$xSec. 5.-18.$2FIR$3SBLC045098$9I 606 $astoria d'italia$2FIR$3NAPC229251$9I 606 $aItalia$xStoria$xSec. 4.-18.$2FIR$3LO1C806605$9I 676 $a945$9STORIA. ITALIA$v21 676 $a945$9Storia d'Italia$v22 676 $a945$9STORIA. ITALIA$v23 801 3$aIT$bIT-000000$c20180615 850 $aIT-BN0095 $aIT-NA0602 $aIT-SA0060 $aIT-BN0077 $aIT-SA0051 $aIT-NA0243 $aIT-SA0251 $aIT-SA0112 $aIT-AV0175 $aIT-NA0074 $aIT-NA0045 $aIT-NA0299 $aIT-AV0011 $aIT-AV0001 $aIT-AV0003 $aIT-AV0007 $aIT-SA0045 $aIT-NA0079 $aIT-NA0120 $aIT-BN0098 $aIT-NA0228 $aIT-NA0189 $aIT-NA0581 $aIT-NA0261 $aIT-NA0298 $aIT-NA0256 $aIT-NA0452 $aIT-AV0045 $aIT-NA0226 $aIT-BN0015 $aIT-NA0095 $aIT-NA0312 $aIT-NA0313 $aIT-NA0097 901 $bNAP 82$cBIBL.ARCH.$n$ 901 $bNAP IS$cISEM $nSezione di storia economica dell'ex Istituto di storia economica del Mezzogiorno 901 $bNAP GC$cMEDIATECA2$n$ 901 $bNAP AR$cP. CICCONE$nDONAZIONE 901 $bNAP AG$cI $n$ 901 $bNAP DO$cEX BIBL. $n$ 912 $aRMS2744862 977 $a 01$a 07$a 27$a 32$a 45$a 50$a 67$a 68$a 82$a 84$a 90$a 91$a 99$a AB$a AG$a AH$a AL$a AR$a AV$a BM$a BN$a CR$a CS$a CU$a CV$a DO$a DP$a FC$a FT$a GC$a ID$a IS$a MV$a NC$a PB$a PG$a SB$a SC$a SE$a SP 996 $aDalla caduta dell'Impero romano al secolo 18$9151185 997 $aUNISANNIO